| 000 | 01236cab a2200241 4500 | ||
|---|---|---|---|
| 001 | ABS56829 | ||
| 008 | 090401t1997 xxu||||| |||| 00| 0 eng d | ||
| 035 | _a(Sirsi) u78106 | ||
| 041 | _aeng | ||
| 245 | _aStanford Marsh Ltd v SoS Environment | ||
| 260 | _c1997 | ||
| 350 | _a0 | ||
| 490 |
_aEstates Gazette _v[1997] 17 EG 170-171(2) |
||
| 520 | _aLT 17 January 1997. S referred to tribunal a claim for compensation arising from acquisition of their property by Bristol Development Corporation. B sent a sealed offer by fax to S`s solicitor offereing to pay £100,000 plus costs and interest. Before start of hearing, S agreed to offer, apart from costs. "Decision" sealed ofer should have been accepted 5 working days after receipt. S must bear own costs after that date. Land Compensation Act 1961 s4 did not apply because issue of compensation didn`t proceed to a hearing. | ||
| 650 | _aBRISTOL DEVELOPMENT CORPORATION | ||
| 650 | _aCOMPENSATION | ||
| 650 | _aLAND COMPENSATION ACT 1961 S4 | ||
| 650 | _aSEALED OFFER | ||
| 650 | _aSTANFORD MARSH LTD V SOS ENVIRONMENT | ||
| 690 | _aENVIRONMENTAL AND LAND CONSULTANCY-PLANNING AND DEVELOPMENT-COMPULSORY PURCHASE AND COMPENSATION | ||
| 942 | _n0 | ||
| 948 | _c01/05/1997 | ||
| 999 |
_c49146 _d49146 |
||